[Kordoš, Ján]

Zobrazenie: Podobizeň národnokultúrneho a osvetového pracovníka, učiteľa Jána Kordoša asi z roku 1864 (27.10.1838 Partizánska Ľupča - 20.5.1919 Revúca).

Bibliographic Details
Other Authors: Jägermayer, Gustav, 1834-1901 (Photographer)
Format: Photo
Language:German
PhysicalDescription:1 fotografia v hnedom tóne 11 x 7 cm
Published: [S.l. s.n.] [1864]
Subjects:

MARC

LEADER 00000nkmaa2200000 a 4500
001 vtls011899553
003 SK-MaSNL
005 20260331211224.0
007 kh ao
008 230802s au | |||0 k|ger
035 |a urn:nbn:sk:snk-km00ejbm 
035 |a urn:nbn:sk:snk-km45w5n 
035 |a 5C8704C8-3650-459E-AD41-3557CCF9F29B 
040 |a SNKLA  |b slo  |c SNKLA  |e AACR2 
041 0 |a ger 
044 |a au  |c AT 
100 1 |a Jägermayer, Gustav,  |d 1834-1901  |4 pht  |9 669417 
245 1 0 |a [Kordoš, Ján]  |h grafika 
260 |a [S.l.  |b s.n.]  |c [1864] 
300 |a 1 fotografia  |b v hnedom tóne  |c 11 x 7 cm 
500 |a Na zadnej strane je venovanie: Na bratskú rozpomienku s podpisom a datovaním vo Viedni 23.6.1864. 
520 2 |a Zobrazenie: Podobizeň národnokultúrneho a osvetového pracovníka, učiteľa Jána Kordoša asi z roku 1864 (27.10.1838 Partizánska Ľupča - 20.5.1919 Revúca). 
600 1 7 |a Kordoš, Ján,  |d 1838-1919  |2 SNKMA  |9 503245 
655 7 |a portrétne fotografie  |2 SNKPH  |9 305796 
852 7 |a Slovenská národná knižnica  |b Literárny archív 
958 |a ZO 
958 |a BLA 
999 |c 1035331  |d 1037261 
952 |a SNKLA  |b SNKLA  |c SNKLA_DEP  |y NEVYP  |7 0  |p 17A1310477  |o snkSK 44/1  |i snkLA 637/1955  |0 0  |1 0  |4 0  |d 2019-11-12  |f 1  |l 0  |r 2026-02-24 14:06:55  |w 2026-02-24